Entry Personal Name
Number of records used in: 2
001 - CONTROL NUMBER
003 - CONTROL NUMBER IDENTIFIER
005 - DATE AND TIME OF LATEST TRANSACTION
- control field:
20240312111729.0
008 - FIXED-LENGTH DATA ELEMENTS
- fixed length control field:
240312|| aca||aabn | a|a d
040 ## - CATALOGING SOURCE
- Original cataloging agency:
JRU
- Transcribing agency:
JRU
100 ## - HEADING--PERSONAL NAME
- Personal name:
SILAWAT ,Dr . NARENDRA
670 ## - SOURCE DATA FOUND
- Source citation:
Work cat.: (JRU)8511: SILAWAT ,Dr . NARENDRA , A PRACTICAL BOOK OF PHARMACEUTICAL CHEMISTRY, 2024-2025